LEADER 00888nam a2200241 i 4500 001 000000138443 003 CaOOAMICUS 005 20050504000000.0 008 050504s1965 it u000 u ita u 013 $a112341 040 $aSeMil$bita 100 1 $aSiciliano, Enzo <1934->.$0(OLS)http://semarc/name/25935 245 10$aPrima della poesia /$cEnzo Siciliano. 260 $aFirenze :$bVallecchi,$ccopyr. 1965. 300 $a175 p. ;$c22 cm. 490 0 $aLa cultura e il tempo ;$v7 500 $aContiene : Appendice. 830 3$aLa cultura e il tempo ;$v7.$0(OLS)http://semarc/title/8383 850 $aSeMil 852 $aSeMil$W1$xVenegono$y1$m1D II 39$j91933$B91933$CSeMilBibl$Z2$F96998 $81 961 $aOmaggio: Poma mons. Gianfranco 996 $6245$aPrima della poesia$9(OLS)http://semarc/title/202393 996 $6260$aFirenze :$bVallecchi$9(OLS)http://semarc/publisher/29768 LEADER 01513nam a2200265 i 4500 001 000000011270 003 CaOOAMICUS 005 20240611113644.0 008 180830s1981 it u000 u ita u 040 $aSeMil$bita 245 02$aI romanzi della Tavola rotonda /$ca cura di Jacques Boulenger ; edizione italiana a cura di Gabriella Agrati e Maria Letizia Magini. 264 1$aMilano :$bArnoldo Mondadori Editore,$c1981. 300 $a3 v. ;$c19 cm. 500 $aIn cofanetto. 650 4$aGraal.$0(OLS)http://semarc/subject/21125 650 4$aLetteratura - Ciclo Bretone.$0(OLS)http://semarc/subject/10292 700 1 $aBoulenger, Jacques,$d<1879-1944>.$0(OLS)http://semarc/name/7389 700 1 $aMagini, Maria Letizia.$0(OLS)http://semarc/name/7595 700 1 $aAgrati, Gabriella.$0(OLS)http://semarc/name/7594 774 0 $t1: Infanzia di Lancillotto del Lago ; Merlino l'incantatore ; Gli amori di Lancillotto del Lago.$dMilano : A. Mondadori, 1981.$kOscar$kOscar narrativa$g1$w()81734 774 0 $t2: Galeotto signore delle Isole Lontane ; Il cavaliere della carretta ; Il castello avventuroso.$dMilano : A. Mondadori, 1981.$kOscar$kOscar narrativa$g2$w()258927 774 0 $t3: Ricerca del Santo Graal, La morte di Artù.$dMilano : A. Mondadori, 1981.$kOscar$kOscar narrativa$g3$w()258929 996 $6245$aI romanzi della Tavola rotonda$9(OLS)http://semarc/title/401289 996 $6264$aMilano :$bArnoldo Mondadori Editore$9(OLS)http://semarc/publisher/30056